Tables de 5, jusqu'à 20 - Statistiques

Statistiques générales
  • Ce quiz a été pris 205 fois
  • Le résultat moyen est 14 sur 20
Statistiques - réponses
Hint Réponse % Correct
5x7 35
83%
5x20 100
78%
5x3 15
78%
5x6 30
78%
5x10 50
78%
5x9 45
77%
5x1 5
77%
5x2 10
76%
5x8 40
75%
5x4 20
72%
5x5 25
72%
5x11 55
70%
5x12 60
66%
5x15 75
64%
5x18 90
63%
5x14 70
62%
5x13 65
61%
5x19 95
60%
5x16 80
59%
5x17 85
55%
Aucun quiz correspondant
Distribution des résultats
% des personnes avec chaque résultat
Percentile par nombre de réponses
Votre historique - résultats
Vous n’avez pas pris ce quiz